000 00793nam a2200217Ia 4500
003 GCL
008 140319s9999 xx 000 0 ara d
040 _aGCL /
_cGCL
082 0 4 _aد
_b050
100 1 _aرمزى زكى
245 1 0 _aالتاريخ النقدى للتخلف: دراسة فى اثر نظام النقد الدولى على التكون التاريخى للتخلف بدول العالم الثالث ( عالم المعرفة 118 ) /
_cرمزى زكى
490 _aعالم المعرفة
_v0
650 0 4 _aالاقتصاد
650 0 4 _aالدول النامية
650 0 4 _aالسياسة المالية
650 0 4 _aالنقود
650 0 4 _aالنظام النقدى
650 0 4 _aالمالية
650 0 4 _aالمالية العامة
942 _2ddc
_cBK
999 _c50239
_d50239